[Event "PAR-ch"]
[Site "Asuncion"]
[Date "2008.06.24"]
[Round "9"]
[White "Piris Tillner, Eduardo"]
[Black "Britez, G Jorge A"]
[Result "1/2-1/2"]
[WhiteElo "1909"]
[BlackElo "1904"]
[PlyCount "25"]
[EventDate "2008.05.31"]
[EventType "swiss"]
[EventRounds "11"]
[EventCountry "PAR"]
[SourceTitle "EXT 2009"]
[Source "ChessBase"]
[SourceDate "2008.11.26"]
[SourceVersion "1"]
[SourceVersionDate "2008.11.26"]
[SourceQuality "1"]

1. d4 Nf6 2. Nf3 g6 3. Bg5 Bg7 4. Nbd2 d5 5. e3 0-0 6. Be2 c6 7. 0-0 Bg4 8. c4 Nbd7 9. Qb3 Qb6 10. cxd5 cxd5 11. h3 Bxf3 12. Bxf3 e6 13. Rfc1 1/2-1/2

[Event "PAR-ch"]
[Site "Asuncion"]
[Date "2008.06.21"]
[Round "7"]
[White "Sartori, Spartaco"]
[Black "Piris Tillner, Eduardo"]
[Result "1/2-1/2"]
[WhiteElo "2182"]
[BlackElo "1909"]
[PlyCount "93"]
[EventDate "2008.05.31"]
[EventType "swiss"]
[EventRounds "11"]
[EventCountry "PAR"]
[SourceTitle "EXT 2009"]
[Source "ChessBase"]
[SourceDate "2008.11.26"]
[SourceVersion "1"]
[SourceVersionDate "2008.11.26"]
[SourceQuality "1"]

1. e4 c5 2. Nc3 Nc6 3. g3 g6 4. Bg2 Bg7 5. d3 d6 6. Nge2 e6 7. 0-0 Nge7 8. Be3 Nd4 9. a3 0-0 10. Qd2 Nec6 11. Rab1 a5 12. a4 Rb8 13. Nb5 Nxe2+ 14. Qxe2 Nd4 15. Bxd4 cxd4 16. c3 Qb6 17. cxd4 Bd7 18. Na3 Qxd4 19. b3 b5 20. Rfc1 bxa4 21. Rc4 Qa7 22. bxa4 Rxb1+ 23. Nxb1 Rb8 24. Qe1 Rb2 25. Bf3 Qb6 26. Nd2 Ra2 27. Bd1 d5 28. exd5 exd5 29. Rc1 Bh6 30. Rc2 Rxc2 31. Bxc2 Qb4 32. Nf3 Qxe1+ 33. Nxe1 Kf8 34. f4 Bg7 35. Nf3 Ke7 36. d4 Bg4 37. Ne5 Bd7 38. Kf2 f6 39. Nd3 Kd6 40. Nc5 Kc6 41. Ke3 Bf8 42. Nd3 Bf5 43. Ne1 Bb4 44. Bxf5 Bxe1 45. Bd3 Bc3 46. h4 Be1 47. Kf3 1/2-1/2